Tạp chí Thông tin và tư liệu

Gardado en:
Detalles Bibliográficos
Autor Principal: Bộ Khoa học và Công nghệ
Formato: Libro
Idioma:Undetermined
Publicado: Hà Nội
Những chủ đề:
Acceso en liña:http://lrc.tdmu.edu.vn/opac/search/detail.asp?aID=2&ID=6829
Các nhãn: Engadir etiqueta
Sen Etiquetas, Sexa o primeiro en etiquetar este rexistro!
Thư viện lưu trữ: Trung tâm Học liệu Trường Đại học Thủ Dầu Một
LEADER 00632nam a2200157Ia 4500
001 TDMU_6829
008 210410s9999 xx 000 0 und d
082 |a NULL 
100 |a Bộ Khoa học và Công nghệ 
245 0 |a Tạp chí Thông tin và tư liệu 
245 0 |c Bộ Khoa học và Công nghệ. Cục thông tin khoa học và Công nghệ quốc gia 
260 |a Hà Nội 
300 |a 48tr 
650 |a Tạp chí Thông tin và tư liệu  
856 |u http://lrc.tdmu.edu.vn/opac/search/detail.asp?aID=2&ID=6829 
980 |a Trung tâm Học liệu Trường Đại học Thủ Dầu Một